000 00345nam a22001337a 4500
008 170925b xxu||||| |||| 00| 0 eng d
020 _a9781878380890
041 _aeng
080 _a37
100 _a46
101 _aEDU
245 _aTHE ART AND SCIENCE OF CLASSROOM ASSESSMENT: THE MISSING PART OF PEDAGOGY
_cBROOKHART,S.M
942 _2udc
_cBK
999 _c29568
_d29568